Financial accounting (Record no. 4907)

MARC details
000 -CABECERA
campo de control de longitud fija 02462pam a22004211i 4500
001 - NÚMERO DE CONTROL
campo de control 991017940749707026
003 - IDENTIFICADOR DEL NÚMERO DE CONTROL
campo de control UkOxU
005 - FECHA Y HORA DE LA ÚLTIMA TRANSACCIÓN
campo de control 20260505164002.0
006 - CÓDIGOS DE INFORMACIÓN DE LONGITUD FIJA--CARACTERÍSTICAS DEL MATERIAL ADICIONAL
campo de control de longitud fija m || d |
007 - CAMPO FIJO DE DESCRIPCIÓN FÍSICA--INFORMACIÓN GENERAL
campo de control de longitud fija cr |||||||||||
008 - DATOS DE LONGITUD FIJA--INFORMACIÓN GENERAL
campo de control de longitud fija 221115s2022 nju o 000|0|eng|d
015 ## - NÚMERO DE BIBLIOGRAFÍA NACIONAL
Número de bibliografía nacional GBC2L0349
Fuente bnb
020 ## - NÚMERO INTERNACIONAL ESTÁNDAR DEL LIBRO
Número Internacional Estándar del Libro 9781292412870
Información calificativa (PDF ebook):
Condiciones de disponibilidad Đ50.99
035 ## - NÚMERO DE CONTROL DEL SISTEMA
Número de control de sistema 023393583-44oxf_inst
035 ## - NÚMERO DE CONTROL DEL SISTEMA
Número de control de sistema (UkOxU)023393583
035 ## - NÚMERO DE CONTROL DEL SISTEMA
Número de control de sistema (Uk)020818527
037 ## - FUENTE DE ADQUISICIÓN
Número de adquisición 9781292412870
Fuente del número de adquisición Pearson UK
040 ## - FUENTE DE LA CATALOGACIÓN
Centro catalogador/agencia de origen StDuBDS
Lengua de catalogación eng
Normas de descripción rda
-- pn
Centro/agencia transcriptor StDuBDS
Centro/agencia modificador Uk
041 ## - CÓDIGO DE LENGUA
Código de lengua del texto/banda sonora o título independiente English
042 ## - CÓDIGO DE AUTENTICACIÓN
Código de autenticación ukblsr
100 ## - ENTRADA PRINCIPAL--NOMBRE DE PERSONA
Nombre de persona Harrison, Walter T.
Títulos y otros términos asociados al nombre Jr.
Término indicativo de función/relación author.
URI de un objeto del mundo real https://isni.org/isni/0000000073747229
9 (RLIN) 20661
245 10 - MENCIÓN DE TÍTULO
Título Financial accounting
Resto del título : international financial reporting standards
250 ## - MENCIÓN DE EDICIÓN
Mención de edición Twelfth edition
Resto de la mención de edición / Walter T. Harrison, Themin Suwardy, Wendy M. Tietz, Charles T. Horngren, C. William (Bill) Thomas.
250 ## - MENCIÓN DE EDICIÓN
Mención de edición Global edition.
264 #1 - PRODUCCIÓN, PUBLICACIÓN, DISTRIBUCIÓN, FABRICACIÓN Y COPYRIGHT
Producción, publicación, distribución, fabricación y copyright Upper Saddle River :
Nombre del de productor, editor, distribuidor, fabricante Pearson,
Fecha de producción, publicación, distribución, fabricación o copyright 2022.
300 ## - DESCRIPCIÓN FÍSICA
Extensión 1 online resource.
500 ## - NOTA GENERAL
Nota general Academic
520 ## - SUMARIO, ETC.
Sumario, etc. For courses in introductory financial accounting. A student-centered approach to financial accounting Accounting is the language of business, and understanding the role accounting plays in business is critical to a student's success in earning a business degree. Financial Accounting, International Financial Reporting Standards puts the focus on the purpose of accounting in business. With student-friendly examples and streamlined chapters, the 12th Edition delivers a student-centric approach to learning financial accounting. While maintaining its hallmark features of accuracy and lucidity, the twelfth edition also includes updated coverage of the Conceptual Framework for Financial Reporting; new and updated financial statements; real-world examples, illustrations, and exhibits; and discussions on how the COVID-19 pandemic impacted organizations.
630 #0 - PUNTO DE ACCESO ADICIONAL DE MATERIA--TÍTULO UNIFORME
Título uniforme B1 Financial Accounting (BiM)
9 (RLIN) 26595
650 #0 - PUNTO DE ACCESO ADICIONAL DE MATERIA--TÉRMINO DE MATERIA
Término de materia o nombre geográfico como elemento de entrada Accounting
9 (RLIN) 103
700 ## - ENTRADA AGREGADA--NOMBRE PERSONAL
Nombre de persona Suwardy, Themin
Término indicativo de función/relación author.
9 (RLIN) 7075
700 ## - ENTRADA AGREGADA--NOMBRE PERSONAL
Nombre de persona Tietz, Wendy M.,
Término indicativo de función/relación author.
URI de un objeto del mundo real https://isni.org/isni/0000000069348719
9 (RLIN) 24237
700 ## - ENTRADA AGREGADA--NOMBRE PERSONAL
Nombre de persona Horngren, Charles T.
Fechas asociadas al nombre 1926-2011
Término indicativo de función/relación author.
URI de un objeto del mundo real https://isni.org/isni/0000000122801309
9 (RLIN) 20352
700 ## - ENTRADA AGREGADA--NOMBRE PERSONAL
Nombre de persona Thomas, C. William
Término indicativo de función/relación author.
URI de un objeto del mundo real https://isni.org/isni/0000000032286171
9 (RLIN) 7076
856 ## - LOCALIZACIÓN Y ACCESO ELECTRÓNICOS
Identificador Uniforme del Recurso <a href="https://bibliotheque.tbs-education.fr/Default/doc/SYRACUSE/3386444/financial-accounting">https://bibliotheque.tbs-education.fr/Default/doc/SYRACUSE/3386444/financial-accounting</a>
942 ## - ELEMENTOS DE ENTRADA AGREGADA (KOHA)
Fuente del sistema de clasificación o colocación Clasificación de Library of Congress
Holdings
Estado de retiro Estado de pérdida Fuente del sistema de clasificación o colocación Estado dañado No para préstamo Código de colección Biblioteca de origen Biblioteca actual Fecha de adquisición Total de préstamos Fecha visto por última vez Número de copia Identificador Uniforme del Recurso Precio válido a partir de Tipo de ítem Koha
    Clasificación de Library of Congress     Core Textbooks TBS Barcelona TBS Barcelona 05/09/2025   05/09/2025 1 https://bibliotheque.tbs-education.fr/Default/doc/SYRACUSE/3386444/financial-accounting 05/09/2025 eBook

Powered by Koha